Desarrollo de habilidades para elaborar informes de cumplimiento y actualizaciones de planes ambientales en estaciones de expendio de combustible
Đã lưu trong:
| Tác giả chính: | |
|---|---|
| Định dạng: | Sách |
| Ngôn ngữ: | Spanish |
| Được phát hành: |
[San José, Costa Rica]
2013
|
| Những chủ đề: | |
| Các nhãn: |
Thêm thẻ
Không có thẻ, Là người đầu tiên thẻ bản ghi này!
|
MARC
| LEADER | 00000nam a22000007a 4500 | ||
|---|---|---|---|
| 003 | 011756 | ||
| 005 | 20221231143914.0 | ||
| 008 | 150922b2013 cr a|||| |||| 00| 0 spa d | ||
| 040 | |c cru CEDI | ||
| 090 | |a TFG 6925 | ||
| 100 | |9 1189 |a Amaya Pineda, Deborah Virginia | ||
| 245 | |a Desarrollo de habilidades para elaborar informes de cumplimiento y actualizaciones de planes ambientales en estaciones de expendio de combustible | ||
| 260 | |a [San José, Costa Rica] |c 2013 | ||
| 500 | |a Primer apellido incorrecto en cubierta Tesis (licenciatura en ingeniería química)--Universidad de Costa Rica, 2013. | ||
| 650 | |x GASOLINERAS - MEDIDAS DE SEGURIDAD - COSTA RICA |x GASOLINERAS - ASPECTOS AMBIENTALES |x GESTION AMBIENTAL |x EVALUACION DEL IMPACTO AMBIENTAL - COSTA RICA |x ASISTENCIA EN EMERGENCIAS - COSTA RICA |x PREVENCION DE DESASTRES |9 1190 | ||
| 942 | |c TFG | ||
| 999 | |c 14017 |d 14017 | ||
